00685 2200217 4500001002100000005001700021008004100038035002400079041000800103043001200111082002000123090003100143100003800174245012300212250001100335260004600346300001800392650003000410850001200440990001500452YOGYA-0209000002297920090227023728.0 ind  0010-020900000022979 aInd aYOPDYOG a330.95982271021 aYog 330.95982271021bYog S aYOGYAKARTA. (Propinsi) Pusat data aStatistik harga dan beberapa indikator ekonomi Daerah Istimewa YogyakartabJuli-Desember 1984cPusat Data Propinsi DIY aCet. 1 aYogyakartabPusat Data Propinsi DIYc1984 a72 hlmc32 cm aEkonomi - DIY - Statistik aYOPDYOG a06A0020705